000 00704nam a22002537a 4500
001 BR9405530
003 BR-BrBNA
005 20240305143602.0
007 ta
008 230509b bl.||||| |||| 00| 0 por d
040 _aBR-BrBNA
_bpor
_cBiblioteca Nacional de Agricultura
041 _a(Por)
072 _aA50
090 _aA50
_bBR9405530
110 1 _aEmpresa de Pesquisa Agropecuaria do Estado de Mato Grosso S.A., Cuiaba (Brasil)
_94113
245 1 _a10 anos EMPA-MT, plantando um futuro melhor
260 3 _aCuiaba, MT (Brasil):
_c1989.
300 _a6 p.
500 _a5 illus.
650 _aPesquisa Agricola
650 _aPesquisa Pecuaria
650 _aMato Grosso
942 _cBK
_2AGRIS
999 _c50066
_d50066